000 00723nam a22001817a 4500
001 10096
003 FISKH
005 20260408100913.0
008 260408b cb ||||| |||| 00| 0 eng d
040 _aFISKH
_bchi
_cFISKH
_dFISKH
100 _a柚子
245 _a大山下的小白马 /
_cBy 柚子
300 _a20 pages :
_bcolor illustrations ;
_c21 cm .
520 _a《大山下的小白马》講述了一匹生活在大山下的小白馬的故事。書中以簡單的語言和生動的插圖,描述小白馬在山下的日常生活、遇見的朋友以及牠的冒險或發現。整體故事輕鬆溫馨,適合初學中文的兒童閱讀。
700 _a一菡 
942 _2ddc
_cBOOK
_n0
999 _c10096
_d10096